000 01119nam0a22002891 4500
001 rc\3212236
005 20250609191447.0
021 _aRU
_b[76-46604]
035 _a(NLR Aleph) 007463863
090 _a7345513
_c7345513
100 _a20130115d1976 |||y0rusy50 ca
101 0 _arus
102 _aRU
105 _aa z |||||
200 1 _aРемонтные работы на оросительных системах
_fВ.И. Ольгаренко, И.А. Чуприн, П.В. Иоффе
210 _aМосква
_cКолос
_d1976
215 _a64 с.
_cил.
_d20
225 1 _aБиблиотечка службы эксплуатации оросительных систем
606 _aОросительные системы
_xРемонт и содержание
_2psbo
700 1 _aОльгаренко
_bВ.И.
_gВладимир Иванович
701 1 _aЧуприн
_bИ.С.
_gИван Сергеевич
701 1 _aИоффе
_bП.В.
_gПавел Владимирович
801 0 _aRU
_bNLR
_gpsbo
801 1 _aRU
_bELAR
_2rusmarc
852 _aNLR
_j76-4/29537
942 _cBOOK
980 _aNB